Reality - David Bowie - Statistics

General Stats
  • This quiz has been taken 5 times
  • The average score is 11 of 15
Answer Stats
Answer % Correct
Limited Edition Tracks Fly
100%
Original version New Killer Star
100%
Original version Reality
100%
Original version Bring Me the Disco King
75%
Original version Days
75%
Original version Never Get Old
75%
Original version Pablo Picasso
75%
Limited Edition Tracks Rebel Rebel (Re-recording)
75%
Original version Try Some, Buy Some
75%
Original version Fall Dog Bombs the Moon
50%
Original version Looking for Water
50%
Limited Edition Tracks Queen of All the Tarts
50%
Original version She'll Drive the Big Car
50%
Original version The Loneliest Guy
50%
Japanese CD Bonus Track Waterloo Sunset
50%
No matching quizzes found
Score Distribution
Percent of People with Each Score
Percentile by Number Answered
Your Score History
You have not taken this quiz